000 01226cam a2200277 a 4500
001 000001554
005 20200929145622.0
008 930209s1995 mx ad 001 0 spa
020 _a9688804819
041 1 7 _aeng
_hspa
_acódico de idioma marc
082 _a004.165
_bB848m, 1995
100 1 _aBrey, Barry B.
_95103
240 1 0 _aThe Intel microprocessors: 8086/8088, 80186, 80286, 80386, and 80486 : architecture, programming, and interfacing.
_lEspañol
245 1 4 _aLos microprocesadores intel :
_b8086/8088, 80186, 80286, 80386 y 80486: arquitectura, programación e interfaces /
_cBarry B. Brey ; traducción de Francisco Gutiérrez Noriega.
250 _a3a ed.
260 _aMéxico :
_bPearson Educación,
_c1995.
300 _axv, 837 p. :
_bil., tablas ;
_c24 cm.
534 _pTítulo original:
_tThe Intel microprocessors: 8086/8088, 80186, 80286, 80386, and 80486 : architecture, programming, and interfacing
650 4 _aIntel 8086 (microprocesador)
_95104
650 4 _aIntel 8088 (microprocesador)
_95105
650 4 _aIntel 80xxx series microprocesadores
_95106
700 1 _aGutiérrez Noriega, Francisco,
_etr.
_95107
910 _aCatalogación por copia / LC
910 _aWM
999 _c1456
_d1456
040 _aDO-SdBNP